Geography Quiz

Random Geography or City Quiz

Most Murderous US Cities Quiz Stats

 Plays Quiz not verified by Sporcle

Score 0/15 Timer 03:00
0 Plays Today
State City % Correct
MichiganDetroit
98.1%
IllinoisChicago
95.8%
LouisianaNew Orleans
95.4%
MarylandBaltimore
93.4%
MissouriSt. Louis
92.3%
FloridaMiami
92.3%
GeorgiaAtlanta
91.9%
PennsylvaniaPhiladelphia
91.1%
State City % Correct
TennesseeMemphis
87.6%
OhioCleveland
87.6%
New JerseyNewark
84.6%
MissouriKansas City
81.5%
CaliforniaOakland
80.7%
New YorkBuffalo
80.3%
CaliforniaStockton
36.3%

You're not logged in!

Compare scores with friends on all Sporcle quizzes.
OR
Log In

Sporcle TV

Today on Sporcle TV


Watch our educational content, quiz creation guides, and fun videos on Sporcle TV.

Show Comments

Extras

Top Quizzes Today


Score Distribution

Your Account Isn't Verified!

In order to create a playlist on Sporcle, you need to verify the email address you used during registration. Go to your Sporcle Settings to finish the process.

Report this User

Report this user for behavior that violates our Community Guidelines.

Details: